| 000 -ლიდერი |
| ფიქსირებული სიგრძის საკონტროლო ველი |
01533nam a22002177a 4500 |
| 003 - საკონტროლო ნომრის იდენტიფიკატორი |
| საკონტროლო ველი |
Ge_BSU |
| 005 - ბოლო ოპერაციის თარიღი და დრო |
| საკონტროლო ველი |
20240325121545.0 |
| 008 - ფიქსირებული სიგრძის მონაცემთა ელემენტები - ზოგადი ინფორმაცია |
| ფიქსირებული სიგრძის საკონტროლო ველი |
240325s2019 ge ||||| |||| 00| 0 geo d |
| 041 ## - ენის კოდი |
| Language code of text/sound track or separate title |
geo |
| 080 ## - უნივერსალური ათობითი კლასიფიკაციის ინდექსი |
| Universal Decimal Classification number |
061.231:51(479.22)(063) ს-32 |
| 245 ## - ცნობა სათაურის შესახებ |
| Title |
საქართველოს მათემატიკოსთა კავშირის საერთაშორისო X : კონფერენცია = X : Annual International Conference of the Georgian Mathematical Union |
| Remainder of title |
(2019 : ბათუმი 2-6 სექტემბერი ) / |
| Statement of responsibility, etc |
რედ: გურამ გოგიშვილი, მაია ჯაფოშვილი |
| 264 ## - წარმოების, გამოცემის, დისტრიბუციის და სხვა ცნობები |
| გამოცემის, წარმოების, დისტრიბუციის... ადგილი |
ბათუმი, |
| გამოცემის, წარმოების, დისტრიბუციის... თარიღი |
2019 |
| 300 ## - ფიზიკური აღწერა |
| Extent |
193 გვ.: |
| Other physical details |
29 სმ. |
| 500 ## - ზოგადი შენიშვნა |
| General note |
სპონსორი: საქრთველოს უნივერსიტეტი |
| 653 ## - INDEX TERM--UNCONTROLLED |
| Uncontrolled term |
საქართველოს მათემატიკოსთა კავშირის კონფერენცია |
| 653 ## - INDEX TERM--UNCONTROLLED |
| Uncontrolled term |
მათემატიკა |
| 700 ## - ADDED ENTRY--PERSONAL NAME |
| Personal name |
გოგიშვილი, გურამ |
| Relator term |
რედაქტორი |
| 9 (RLIN) |
5601 |
| 700 ## - ADDED ENTRY--PERSONAL NAME |
| Personal name |
ჯაფოშვილი, მაია |
| Relator term |
რედაქტორი |
| 9 (RLIN) |
21562 |
| 711 ## - ADDED ENTRY--MEETING NAME |
| Meeting name or jurisdiction name as entry element |
საქ. მათემატიკოსთა კავშირი, საქართველოს უნივერსიტეტი, ბათუმის შოთა რუსთაველის სახელმწ. უნ-ტი. |
| 9 (RLIN) |
21564 |
| 942 ## - ADDED ENTRY ELEMENTS (KOHA) |
| Source of classification or shelving scheme |
|
| Koha item type |
წიგნი |